| 000 | 01627nam a2200469 i 4500 | ||
|---|---|---|---|
| 001 | DIGFOCA0049 | ||
| 003 | NyNyDIG | ||
| 008 | 200821s2019 sp a ob 000 0 spa d | ||
| 006 | m o d | ||
| 007 | cr ||||||||||| | ||
| 035 | _a(OCoLC)1187204231 | ||
| 040 |
_aDGITA _beng _erda _epn _cDGITA |
||
| 020 |
_a9788416842506 _qeBook |
||
| 020 |
_a8416842507 _qeBook |
||
| 020 | _z9788416842209 | ||
| 020 | _z8416842205 | ||
| 043 | _anwht--- | ||
| 050 | 1 | 4 | _aBL2490 ebook |
| 082 | 0 | 4 | _a299.67 |
| 100 | 1 |
_aRomero, Vicente, _d1947- _eauthor. |
|
| 245 | 1 | 0 |
_aTierra de zombis : _bvudú y miseria en Haití / _cVicente Romero. |
| 264 | 1 |
_aTres Cantos, Madrid : _bFoca, _c[2019] |
|
| 300 |
_a1 online resource : _billustrations. |
||
| 336 |
_atext _btxt _2rdacontent |
||
| 337 |
_acomputer _bc _2rdamedia |
||
| 338 |
_aonline resource _bcr _2rdacarrier |
||
| 347 |
_atext file _2rdaft |
||
| 347 | _bEPUB | ||
| 490 | 1 |
_aFoca investigación ; _v167 |
|
| 504 | _aIncludes bibliographical references. | ||
| 588 | 0 | _aOnline resource; title from ePub title page (Digitalia, viewed August 21, 2020) | |
| 650 | 0 |
_aVodou _zHaiti. |
|
| 651 | 0 |
_aHaiti _xSocial life and customs. |
|
| 655 | 0 | _aElectronic books. | |
| 791 | 2 |
_aDigitalia (Firm), _edistributor. |
|
| 793 | 0 |
_gDigitalia eBook Collection: _aFoca |
|
| 776 | 0 | 8 |
_iPrint version: _aRomero, Vicente, 1947- _tTierra de zombis. _dMadrid : Foca, [2019] _z9788416842209 _w(OCoLC)1129101938 |
| 830 | 0 |
_aFoca investigación ; _v167. |
|
| 856 | 4 | 0 |
_3Digitalia Hispánica _uhttps://www.digitaliapublishing.com/a/63483/ |
| 910 | _aPremium collection: 2020 | ||
| 942 | _cRAA | ||
| 999 |
_c259280 _d259280 |
||